Statistics for Pogues- Fairytale of new York Lyrics

Click here to take the quiz!

General Stats

  • This quiz has been taken 645 times
    (633 since last reset)
  • The average score is 213 of 302

Answer Stats

M/FLyrics% Correct
F | Ma
98%
B | F | Mchristmas
98%
B | FChristmas
98%
F | Mi
98%
F | MI
98%
B | F | Mthe
96%
BThe
96%
F | Myou
96%
FYou
96%
Man
95%
Mit
94%
MIt
94%
F | Mme
92%
B | Mand
89%
F | Meve
89%
Mto
89%
B | F | Mwas
89%
B | F | Mfor
88%
B | F | Mon
88%
Bwe
88%
Min
86%
Bout
85%
Bbells
84%
B | F | Mof
84%
F | Mso
84%
Bday
83%
F | Mmy
83%
F | Mold
83%
Mdrunk
82%
Bringing
81%
Bsinging
80%
B | F | Mwere
80%
Mtank
77%
F | Mwhen
77%
BWhen
77%
F | Mhappy
75%
Bchoir
74%
BNYPD
73%
Ffaggot
72%
Fit's
72%
Mman
72%
Mlove
71%
Msaid
71%
Ftook
71%
Mbabe
70%
F | Mdreams
70%
MNew
70%
F | Mour
70%
Fyour
70%
B | Mall
69%
Bboys
69%
Mone
69%
MYork
69%
Mhe
68%
Ffirst
67%
Bthey
67%
Fno
66%
Bare
65%
Fas
65%
Msee
65%
BGalway
64%
Fmaggot
64%
Mbaby
63%
BBay
63%
F | Mgot
63%
Fhand
63%
Fcheap
62%
Mcity
62%
Fcold
62%
B | Mthen
61%
FBroadway
60%
Flousy
60%
Fwaiting
60%
Manother
59%
Fscumbag
59%
Msong
58%
Flast
57%
Msang
57%
Mwon't
57%
Mcan
56%
Fplace
56%
Mpretty
56%
Fpromised
56%
MQueen
56%
B | Fthrough
56%
Mtime
56%
Farse
55%
Fbig
55%
Mcome
55%
Fgold
55%
Frivers
55%
Mabout
54%
Fgod
54%
Fhandsome
54%
Mtrue
54%
Bband
53%
Fcars
53%
Mmountain
53%
Mbetter
52%
Mcame
52%
Ffrom
52%
Fwind
52%
Mdreamed
51%
Mhave
51%
Mlucky
51%
Mrare
51%
Fthey've
51%
FThey've
51%
Fbars
50%
Bnight
50%
Fright
50%
Fyou're
50%
F | MYou're
50%
Maway
49%
MCould
49%
Fcould
49%
Mfeeling
48%
Bplaying
48%
Mwith
48%
Myears
48%
Mface
47%
Mturned
47%
Mbeen
46%
MI've
46%
Mive
46%
Fpray
46%
Fanyone
45%
Bkissed
45%
Msomeone
45%
FWell
45%
Mdew
44%
Bfinished
44%
BSinatra
44%
Mslut
44%
Fbut
43%
Bmore
43%
Mthem
43%
Bdanced
42%
Meighteen
42%
Mjunk
42%
Ffound
41%
Fgoes
41%
Bstill
40%
Mthat
40%
Fbum
39%
Fpunk
39%
Bcorner
38%
Bdrunks
38%
Mkept
38%
Bswinging
38%
Mthere
37%
Mown
35%
Mput
30%
Maround
29%
MCan't
29%
Mbuilt
27%
Mmake
27%
Malone
26%
Mbed
26%
Bhowled
25%
Mlying
24%
Mdrip
23%
Mdead
22%
Malmost
20%
Mthere's
12%

Score Distribution

Percentile by Number Answered

Percent of People with Each Score

Your Score History

You have not taken this quiz since the last reset